000 00249nam a22000977a 4500
999 _c11675
_d11675
008 191128b ||||| |||| 00| 0 eng d
020 _a0064441873
100 _aPomerantz Charlotte
_97377
245 _aThe Ouside Dog
260 _aUSA
_bHarper Trophy
_c1993